00460nam a2200193Ia 4500008004100000020001800041050001400059100002200073245001700095245002500112260001500137260001600152260000900168300001600177300002000193300001000213300003500223500000800258170918s9999 xx 000 0 und d a9780531223567 bW636 2010 aHeuston, Kimberly aMao Zedong / cby Kimberly Heuston. aNew York : bScholastic, c2010 a128 pages : billustrations ; c18cm. eA wicked history 20th century. a980